| 000 | 01323nam a22002657a 4500 | ||
|---|---|---|---|
| 999 |
_c13322 _d13322 |
||
| 003 | AR-CdUCM | ||
| 008 | 190411b ||||| |||| 00| 0 spa d | ||
| 040 |
_aMUNICIPALIDAD PROVINCIAL DEL CUSCO _cBIBLIOTECA MUNICIPAL DEL CUSCO |
||
| 041 | _heng | ||
| 082 |
_a820.9 / _bSA16 |
||
| 100 |
_aSaintsbury, George _931684 |
||
| 245 | _aHistoria de la Literatura Inglesa / | ||
| 260 |
_aBuenos Aires : _bLosada, _c1957. |
||
| 300 |
_a2 tomos ; _bilustraciones, retratos, _c23 cm. |
||
| 500 | _at.1: Desde los Orígenes hasta mediados del siglo XVIII. t.2: Desde mediados del siglo XVIII hasta nuestros días. | ||
| 505 | _aContenido: t.1: Los preliminares de la literatura Inglesa -- La primitiva poesía Anglosajona -- Caedmon, Cynewulf y otros del ciclo -- La prosa Anglosajona -- Formación de la literatura Inglesa ... -- t.2: La literatura de mediados y finales del siglo XVIII -- Los poetas de Thomson y Crabbe -- La novela en el siglo XVIII -- Johnson, Goldsmith y los ensayistas posteriores -- La prosa seria -- El teatro del siglo XVIII ... | ||
| 650 |
_aLiteratura Inglesa _926086 |
||
| 650 |
_aHistoria _9136 |
||
| 650 |
_aAnglosajona _931685 |
||
| 650 |
_aPoetas _91966 |
||
| 650 |
_aBiografía _922 |
||
| 700 |
_aRovira Armengol, José (traductor) _931686 |
||
| 942 |
_2ddc _cLIBROS |
||
| 945 |
_aachl _d2019-04-11 |
||